Colors in Different Languages Quiz Stats

 Plays Quiz Updated Oct 29, 2015

Challenge
Share
Tweet
Score 0/12 Timer 04:00
7 Plays Today
% Correct
Red
90.6%
Blue
87.1%
White
85%
Green
82.2%
Purple
79.4%
Black
76.6%
Grey
76.5%
Orange
74.3%
Brown
71.5%
Gold
70.6%
Silver
58.2%
Yellow
52.7%

You're not logged in!

Compare scores with friends on all Sporcle quizzes.
OR
Log In

You Might Also Like...

Show Comments

Extras

Top Quizzes Today


Score Distribution

Your Account Isn't Verified!

In order to create a playlist on Sporcle, you need to verify the email address you used during registration. Go to your Sporcle Settings to finish the process.

Report this User

Report this user for behavior that violates our Community Guidelines.

Details: